| Tag |
First Indicator |
Second Indicator |
Subfields |
| LEADER |
00000cam a2200000 4500 |
| 001 |
in00005721621 |
| 005 |
20260319193520.9 |
| 006 |
m o d |
| 007 |
cr ||||||||||| |
| 008 |
911001r20231990enk o 001 m eng d |
| 040 |
|
|
|a STBDS
|b eng
|c STBDS
|d OCLCO
|d OCLCA
|d OCLCL
|d OCLCQ
|d OCLCL
|
| 020 |
|
|
|a 9781383004298
|q ebook
|
| 020 |
|
|
|a 1383004293
|
| 024 |
7 |
|
|a 10.1093/oso/9780198129646.001.0001
|2 doi
|
| 035 |
|
|
|a (OCoLC)1406784014
|
| 050 |
|
4 |
|a PR6001.U4Z
|
| 082 |
0 |
4 |
|a 821.912
|2 20
|
| 049 |
|
|
|a TXAM
|
| 100 |
1 |
|
|a Auden, W. H.
|q (Wystan Hugh),
|d 1907-1973,
|e author.
|
| 245 |
1 |
0 |
|a W.H. Auden :
|b "the map of all my youth" : early works, friends and influences /
|c edited by Katherine Bucknell and Nicholas Jenkins.
|
| 264 |
|
1 |
|a Oxford :
|b Clarendon,
|c 2023.
|
| 300 |
|
|
|a 1 online resource (xi,245 pages)
|
| 336 |
|
|
|a text
|b txt
|2 rdacontent
|
| 337 |
|
|
|a computer
|b c
|2 rdamedia
|
| 338 |
|
|
|a online resource
|b cr
|2 rdacarrier
|
| 500 |
|
|
|a Bibliography: p205-236. - Includes index.
|
| 500 |
|
|
|a Previously issued in print: 1990.
|
| 520 |
8 |
|
|a This first volume in a new series on the work of the poet W.H. Auden contains a large amount of previously unpublished material by Auden, including six poems from the early 1930s, and a complete version of an important early essay, 'Writing'. There is a selection from his letters, particularly to Stephen Spender, and more.
|
| 588 |
|
|
|a Derived record based on print version record and publisher information.
|
| 600 |
1 |
4 |
|a Auden, W. H.
|q (Wystan Hugh),
|d 1907-1973.
|
| 655 |
|
7 |
|a Electronic books.
|2 local
|
| 700 |
1 |
|
|a Bucknell, Katherine,
|e editor.
|
| 700 |
1 |
|
|a Jenkins, Nicholas
|q (Nicholas Richard),
|e editor.
|
| 758 |
|
|
|i has work:
|a W.H. Auden, 'the map of all my youth' (Text)
|1 https://id.oclc.org/worldcat/entity/E39PCFVtwfDby3g9GCpdcgHrxC
|4 https://id.oclc.org/worldcat/ontology/hasWork
|
| 776 |
0 |
8 |
|i Print version:
|z 9780198129646
|
| 830 |
|
0 |
|a Auden studies ;
|v 1.
|
| 856 |
4 |
0 |
|u http://proxy.library.tamu.edu/login?url=https://academic.oup.com/book/49082
|z Connect to the full text of this electronic book
|t 0
|
| 936 |
|
|
|a BATCHLOAD
|
| 955 |
|
|
|a Oxford Scholarship Online
|
| 994 |
|
|
|a 92
|b TXA
|
| 999 |
f |
f |
|i 9f656734-ca79-47ce-af0d-e7b88c589fb9
|s 85f3bb7a-6db4-4a62-9a0e-3ccfdf035e66
|t 0
|
| 952 |
f |
f |
|a Texas A&M University
|b College Station
|c Electronic Resources
|s www_evans
|d Available Online
|t 0
|e PR6001.U4Z
|h Library of Congress classification
|
| 998 |
f |
f |
|a PR6001.U4Z
|t 0
|l Available Online
|